Ստալինյան դարաշրջանի մեծ կառուցումների նշանակությունը կոմունիզմի նյութա-արտադրական բազայի զարգացման գործում / (Record no. 13734)
[ view plain ]
| 000 -LEADER | |
|---|---|
| fixed length control field | 01129nam a2200229 a 4500 |
| 001 - CONTROL NUMBER | |
| control field | 000030058 |
| 003 - CONTROL NUMBER IDENTIFIER | |
| control field | AM-YEHGA |
| 005 - DATE AND TIME OF LATEST TRANSACTION | |
| control field | 20250618070931.0 |
| 008 - FIXED-LENGTH DATA ELEMENTS--GENERAL INFORMATION | |
| fixed length control field | 001204s1951 ai |||||||||||arm d |
| 040 ## - CATALOGING SOURCE | |
| Original cataloging agency | AM-YeHGA |
| 041 0# - LANGUAGE CODE | |
| Language code of text/sound track or separate title | arm |
| 090 ## - LOCALLY ASSIGNED LC-TYPE CALL NUMBER (OCLC); LOCAL CALL NUMBER (RLIN) | |
| -- | 13839 |
| 100 1# - MAIN ENTRY--PERSONAL NAME | |
| Personal name | Թումանյան, Հովհաննես Երանոսի, |
| Dates associated with a name | 1904-1968 |
| 9 (RLIN) | 1107 |
| 245 10 - TITLE STATEMENT | |
| Title | Ստալինյան դարաշրջանի մեծ կառուցումների նշանակությունը կոմունիզմի նյութա-արտադրական բազայի զարգացման գործում / |
| Statement of responsibility, etc. | Հ.Ե. Թումանյան ; ԵՊՀ. |
| 246 31 - VARYING FORM OF TITLE | |
| Title proper/short title | Значение великих строек Сталинской эпохи в развитии материально-производственной базы коммунизма |
| 260 ## - PUBLICATION, DISTRIBUTION, ETC. | |
| Place of publication, distribution, etc. | Երևան : |
| Name of publisher, distributor, etc. | ԵՊՀ հրատ., |
| Date of publication, distribution, etc. | 1951. |
| 300 ## - PHYSICAL DESCRIPTION | |
| Extent | 46 էջ |
| 440 #0 - SERIES STATEMENT/ADDED ENTRY--TITLE | |
| Title | Գիտա-հանրամատչելի սերիա |
| Volume/sequential designation | № 2 |
| 650 14 - SUBJECT ADDED ENTRY--TOPICAL TERM | |
| Topical term or geographic name entry element | Կոմունիստական կուսակցության պատմություն |
| 9 (RLIN) | 5071 |
| 710 2# - ADDED ENTRY--CORPORATE NAME | |
| Corporate name or jurisdiction name as entry element | Երևանի պետական համալսարան |
| 942 ## - ADDED ENTRY ELEMENTS (KOHA) | |
| Source of classification or shelving scheme | Universal Decimal Classification |
| Koha item type | Գրքեր / Books |
| Withdrawn status | Lost status | Damaged status | Not for loan | Collection | Home library | Current library | Date acquired | Total checkouts | Full call number | Barcode | Date last seen | Cost, replacement price | Price effective from | Koha item type | Public note |
|---|---|---|---|---|---|---|---|---|---|---|---|---|---|---|---|
| General | Fundamental Scientific Library | Fundamental Scientific Library | 21/12/2016 | AII/11203 | FL0014972 | 21/12/2016 | 20.00 | 21/12/2016 | Գրքեր / Books | 30 Days Loan | |||||
| General | Fundamental Scientific Library | Fundamental Scientific Library | 21/12/2016 | AII/11207 | FL0014968 | 21/12/2016 | 20.00 | 21/12/2016 | Գրքեր / Books | 30 Days Loan | |||||
| General | Fundamental Scientific Library | Fundamental Scientific Library | 21/12/2016 | AII/11208 | FL0014967 | 21/12/2016 | 20.00 | 21/12/2016 | Գրքեր / Books | 30 Days Loan | |||||
| General | Fundamental Scientific Library | Fundamental Scientific Library | 21/12/2016 | AII/11209 | FL0014966 | 21/12/2016 | 20.00 | 21/12/2016 | Գրքեր / Books | 30 Days Loan |
ՀՀ Գիտությունների ազգային ակադեմիայի հիմնարար գիտական գրադարան = Fundamental Scientific Library of NAS RA
All site content, except where otherwise noted, is licensed under a